| 000 | 00354nam a2200121Ia 4500 | ||
|---|---|---|---|
| 008 | 241028s9999 xx 000 0 und d | ||
| 041 | _aeng | ||
| 082 | _a658.4 ALB | ||
| 100 | _aAlbright/ Winston | ||
| 245 | _aBusiness Analytics: Data Analysis And Decision Making With Mindtap | ||
| 260 |
_bCengage Learning India _aDehli _c2020 |
||
| 300 | _a882;. P. 27 cm | ||
| 999 |
_c43001 _d43001 |
||